| 000 | 00393cam a22001217a 4500 | ||
|---|---|---|---|
| 008 | 180718b1965 xxu||||| |||| 00| 0 eng d | ||
| 082 | _aA81x54 In2/61/26/Pt4 | ||
| 100 | _aCensus of India 1961 | ||
| 245 | _aTripura: report on housing and establishments | ||
| 260 |
_aDelhi _bThe Manager of Publications _c1965 |
||
| 300 | _a186+p. | ||
| 440 | _aCensus of India 1961. Volume XXVI, Tripura. Part-IV | ||
| 999 |
_c484157 _d484157 |
||